| 000 | 00534nam a2200181Ia 4500 | ||
|---|---|---|---|
| 008 | 151018s9999 xx 000 0 und d | ||
| 082 |
_bRBASDV37221 _a891.433 |
||
| 100 | _aरामशेर सिंह | ||
| 245 | _aबात बोलेगी | ||
| 250 | _b1 | ||
| 260 |
_bसंभावना _c2003 |
||
| 300 | _a120 | ||
| 600 | _aरामशेर सिंह | ||
| 630 | _aबात बोलेगी | ||
| 700 | _aरामशेर सिंह | ||
| 730 | _aबात बोलेगी | ||
| 942 | _cBOOK | ||
| 999 |
_c1036668 _d1036665 |
||